000 00673nmm a22001817a 4500
005 20131202111602.0
008 131202b2001 ec ||||| |||| 00| 0 spa d
041 _aspa
044 _aec
090 _aLB
_b05820
100 _aMena-Vásconez, Patricio
_93165
245 _aSistema de información de los páramos del Ecuador
260 _aQuito
_bUniversiteit van Amsterdam
_bECOCIENCIA
_bInstituto de Montaña
_bMinisterio del ambiente
_bEmbajada de los países bajos
_c2001
300 _a336 p.,
_bil.,
_c13 cm
700 _aSegarra.G., Pool
_93166
700 _aFotografía Miguel-Sanchez, Robert-Holstede, Patricio-Mena Vásconez, Santiago-López
_93167
942 _2z
_cCD-ROM
999 _c7980
_d7980